000 01680nam a2200337 i 4500
001 991061720862806706
003 ES-BaIT
005 20260226105239.0
008 260226e202502 fr r 000 d fre c
020 _a9782749816760
040 _aES-BaIT
_bcat
_erda
_cES-BaIT
080 _a840-2"20"
100 1 _aGardet, Vincent
_eautor
_9168719
245 1 0 _aFête des mères :
_bune tragi-comédie /
_cVincent Gardet & Adèle Royné
264 1 _aParis :
_bL'avant-scène théâtre,
_cfévrier 2025
300 _a76 pàgines ;
_c21 cm
336 _atext
_btxt
_2rdacontent
337 _asense mediació
_bn
_2rdamedia
338 _avolum
_bnc
_2rdacarrier
490 1 _aL'Avant-scène théâtre ;
_vno 1568
500 _aP5: D2, H3
500 _aPublicat com no 1568 (février 2025) de la revista L'Avant-scène théâtre
500 _aEstrena Théâtre du Train Bleu, el 3 de juliol de 2024
520 _a"Suite à une brouille avec sa mère et après trois ans d'absence, Louise profite de la fête des mères pour retourner dans la maison familiale. Ce sera pour elle l'occasion de retrouver ses frères Gabriel et Ziggy, venus accompagnés. Alors que tout le monde fait connaissance, l'absence de la mère étonne puis inquiete. Vincent Gardet at Adèle Royné signent avec Fête des mères une comédie douce-amère qui rend hommage aux fratries, aux gens qui se parlent sans s'écouter, qui se comprennent sans se parler."-- Contracoberta
650 0 _aGermans i germanes
_vTextos dramàtics
_9168720
700 1 _aRoyné, Adèle
_eautor
_9168721
830 _aAvant-scène.
_pThéâtre
_vno 1568
_9168170
908 _aCDMAE
940 _aCDMAE
942 _2udc
_c1
999 _c137155
_d137155